000 00503nam a22001697a 4500
005 20240918082515.0
008 231204b |||||||| |||| 00| 0 eng d
020 _a0409012645 ; 0409012696
041 _aEnglish
082 _a349 JOU
100 _lEnglish
245 _aThe Law of South Africa /
_cedited by JA Faris
260 _aDurban :
_bLexisNexis Butterworths,
_c2004
300 _bix, 1096 pages ;
_c26 cm.
650 _aLegal practice
_bLaw
942 _cBK
_6ALISON_BN_VRIES
999 _c1103
_d1103